000 00216nam a2200097Ia 4500
008 190216s9999||||xx |||||||||||||| ||und||
100 _aM R B
245 0 _aMulapottiya Vithukal
260 _bCurrent Books
942 _cBK
999 _c23546
_d23546